| 000 | 00602nam a22001817a 4500 | ||
|---|---|---|---|
| 003 | CEME | ||
| 005 | 20210628202132.0 | ||
| 008 | 210225b xxu||||| |||| 00| 0 eng d | ||
| 020 | _a0-7506-7401-6 | ||
| 040 | _c. | ||
| 082 | _a658.408 CHE | ||
| 100 |
_aBendavid-Val, Avrom Cheremisinoff, Nicholas P _958398 |
||
| 245 | _aGreen profits, the manager's handbook for iso 14001 and pollution prevention | ||
| 260 |
_aBOSTON _bBUTTERWORTH _c2001 |
||
| 300 | _aXIX,380P | ||
| 650 |
_aISO 14000 SERIES STANDARDS MANUFACTURING INDUSTRIES-ENVIROMENTAL ASPECTS POLLUTION PREVENTION _958399 |
||
| 942 |
_cBK _2ddc |
||
| 999 |
_c568599 _d568599 |
||